000 00319 a2200109 4500
001 ART_8399
005 20260410161833.0
008 260409a
245 1 0 _aReajuste de precios
100 1 _aPérez, Carlos Alberto
773 0 _tContabilidad y administración
_g- Año 2, Nº 23 (may. 1979)
_wREV5485
999 _c23393
_d23393